00386nam a2200145Ia 4500008004100000020001800041041001200059082001600071100001700087245007400104260003200178300000800210650000800218700001400226221030s9999 xx 000 0 und d a9788189411244 aEnglish a105.23bGup aU. A. Bakshi 0aElectronic Measurements & Instrumentationcby U. A. Bakshi, A. Bakshi bTechnical Pub.aDelhic2007 a476 aECE aA. Bakshi